000 00468nam a2200145Ia 4500
008 100122s9999 xx 000 0 und d
082 _b69457
_a181.4
100 _aकुंटे माधवी
245 _aओशो विचारदर्पण
260 _bमनोविकास प्रकाशन
_c2006
300 _a231
630 _aओशो विचारदर्पण
730 _aओशो विचारदर्पण
942 _cBOOK
999 _c440756
_d440753